000 00502nam a22001697a 4500
005 20260227092555.0
008 260227b |||||||| |||| 00| 0 eng d
022 _a978-81-203-3861-6
050 _aQA 76.73 .C15 G67 2009
100 _aGOPAL, ARPITA.
245 _aMAGNIFYING C.
260 _aNEW DELHI,
_bPHI LEARNING PRIVATE LIMITED,
_c2009.
300 _axv, 476 P, ILL
500 _aINCLUDE INDEX
650 _a1. COMPUTER PROGRAM LANGUAGE 2. COMPUTER PROGRAMMING TEXTBOOKS
942 _2lcc
_cBK
999 _c216719
_d216719